000 00277nam a2200121Ia 4500
008 140130s9999 xx 000 0 und d
245 _cGarth Nix
_aMister Monday
260 _bScholastic,
_c2003
440 _v1
521 _aGrade 4 - Grade 7
942 _cBK
999 _c41158
_d41158